| 000 | 00899naa a2200229 c 4500 | ||
|---|---|---|---|
| 001 | 48498 | ||
| 003 | ES-MaCES | ||
| 005 | 20161114102919.0 | ||
| 008 | 161114s2016 sp ||||| t||||||| ||spa d | ||
| 040 |
_aES-MaCES _bspa _cES-MaCES _dES-MaCES |
||
| 100 | 1 |
_910672 _aDíaz de Atauri, Pablo Gimeno |
|
| 245 | 1 | 0 |
_aComponentes y evolución de los salarios en los últimos años _cPablo Gimeno Díaz de Atauri |
| 650 | 4 |
_928387 _asalario |
|
| 650 | 4 |
_928388 _adeterminación del salario |
|
| 650 | 4 |
_928393 _aestructura de los salarios |
|
| 650 | 4 |
_927108 _aingreso |
|
| 650 | 4 |
_928362 _anegociación colectiva |
|
| 653 | 1 | 0 | _aRelaciones laborales-Empleo |
| 773 | 0 |
_985363 _dValladolid (Avda. Reyes Católicos, 11, 47008) Lex nova _o088261 _tInformación laboral _w(ES-MaCES)25782 _gn. 8 (2016) {55/796 R. 088261} ;p. 267-288 |
|
| 902 | _aART Artículo de revista | ||
| 942 |
_2CES _cAR _h2.0. |
||
| 999 |
_c48498 _d48498 |
||